Μουσική παιδεία

Αποθηκεύτηκε σε:
Λεπτομέρειες βιβλιογραφικής εγγραφής
Κύριος συγγραφέας: Χαραλάμπους, Ανδρέας
Μορφή: Βιβλίο
Γλώσσα:Greek
Δημοσίευση: Αθήνα : Gutenberg, 1990.
Έκδοση:7η έκδ. βελτ.
Σειρά:Παιδαγωγική σειρά (Gutenberg)
Θέματα:
Ετικέτες: Προσθήκη ετικέτας
Δεν υπάρχουν, Καταχωρήστε ετικέτα πρώτοι!

MARC

LEADER 00000cam a2200000 i 4500
001 1/76837
008 960805s1990 gr | ||| |||| ||gre||
020 |a 9600102368  |q (τ.1)  
035 |a 1993  |b 1  |c Σακελλαρίδης  |l 10032513 
040 |a GR-MY-UA  |b gre  |e aacr 
041 0 |a gre 
082 7 |a 780.7   |2 (22) 
100 1 |a Χαραλάμπους, Ανδρέας. 
245 1 0 |a Μουσική παιδεία /   |c Ανδρέας Χαραλάμπους.  
250 |a 7η έκδ. βελτ.  
260 |a Αθήνα :   |b Gutenberg,   |c 1990.  
300 |a ... τ. ;   |c 24 εκ.  
490 1 |a (Παιδαγωγική σειρά / Gutenberg)  
505 0 |a Τ.1. 330 τραγούδια για το νηπιαγωγείο, δημοτικό, γυμνάσιο και παιδαγωγικές σχολές. - Μουσικές φόρμες και ορολογία με κατάλληλα έργα για ακρόαση. - Μουσικές ακροάσεις - σκέψεις και σχέδια εργασίας. - Θέματα από έργα κλασικής μουσικής.  
650 0 0 |a Music  |x Instruction and study  |x Juvenile. 
650 0 0 |a Music in education. 
650 0 0 |a School music  |x Instruction and study. 
650 0 0 |a Children's stories, Greek (Modern) 
740 0 |a 330 τραγούδια για το νηπιαγωγείο, δημοτικό, γυμνάσιο και παιδαγωγικές σχολές. - Μουσικές φόρμες και ορολογία με κατάλληλα έργα για ακρόαση. - Μουσικές ακροάσεις - σκέψεις και σχέδια εργασίας. - Θέματα από έργα κλασικής μουσικής 
830 0 |a Παιδαγωγική σειρά (Gutenberg) 
852 |a INST  |b RHODES  |e 19960805  |h 780.7 ΧΑΡ  |p 005400009492  |q 005400009492  |t BK  |y 0  |z τ.1 
852 |a INST  |b RHODES  |e 19960805  |h 780.7 ΧΑΡ  |p 005400009492  |q 005400009492  |t BK  |v τ.1:  |y 0  |z τ.1 
853 |a INST  |b RHODES  |h 780.7 ΧΑΡ 
909 |a Ρ  |b 025589 
970 |z 2000/07